|
|
|
|
| LEADER |
00000nab a2200000uu 4500 |
| 001 |
vtls011526670 |
| 003 |
SK-MaSNL |
| 005 |
20260303112838.0 |
| 008 |
230121|1975 xo |||||||||||||||||slo| |
| 015 |
|
|
|a SNBRB
|
| 035 |
|
|
|a (urnnbn)urn:nbn:sk:snk:ar-a08t0t
|
| 035 |
|
|
|a (uuid)d22472fb-89e9-40f5-96d3-89d745eef011
|
| 035 |
|
|
|a urn:nbn:sk:snk-abedpp
|
| 040 |
|
|
|a SNKBUCL
|b slo
|c SNKBUCL
|e AACR2
|
| 041 |
0 |
|
|a slo
|
| 044 |
|
|
|a xo
|c SK
|
| 100 |
1 |
|
|a Olexa, Vladimír,
|d 1928-1975
|4 aut
|9 48181
|
| 245 |
1 |
0 |
|a Anders Nygren o duchovnom úrade
|c V. Olexa
|
| 773 |
0 |
|
|t Cirkevné listy : časopis venovaný záujmom cirkve evanjelickej a. v.
|g Roč. 88, č. 4 (1975), s. 60-62
|
| 954 |
|
|
|a odborná, vedecká literatúra pôvodná (slovenská)
|2 lita
|
| 958 |
|
|
|a OND
|
| 958 |
|
|
|a EUIPO
|
| 958 |
|
|
|a article21
|
| 999 |
|
|
|c 1887847
|d 1889777
|